Industrial solid-state electronics: devices and systems

שמור ב:
מידע ביבליוגרפי
מחבר ראשי: Maloney, Timothy J. (autor)
פורמט: ספר
שפה:אנגלית
יצא לאור: Englewood Cliffs Prentice-Hall 1979
נושאים:
תגים: הוספת תג
אין תגיות, היה/י הראשונ/ה לתייג את הרשומה!

MARC

LEADER 00000nam a2200000 a 4500
001 UCU6092
003 CL-VaPUC
008 960614e19790000us |||||||||||||||||eng|d
082 0 4 |a 621.381  |b MAL  |2 21 
100 |a Maloney, Timothy J.  |e autor  |9 502478 
245 1 0 |a Industrial solid-state electronics: devices and systems 
300 |a 541 p 
942 |c BK 
945 |d 19960614 00:00:00  |a lriquelm 
260 |a Englewood Cliffs  |b Prentice-Hall  |c 1979 
650 0 |a Electrónica   |9 263192 
650 0 |a Transistores  |9 260330 
650 0 |a Circuitos electrónicos  |9 260204 
650 0 |a Circuitos lógicos   |9 263161 
650 7 |a TIRISTORES  |2 CL-VaPUC  |9 364211 
650 0 |a Amplificadores   |9 338119 
583 |a last modification  |c 20150428 10:19:00  |k Rodrigo Vera 
999 |c 249145  |d 249143 
952 |0 0  |1 0  |4 0  |6 621_381000000000000_MAL_1979  |7 0  |8 A  |9 266205  |a BIBING  |b BIBING  |d 2019-11-19  |i 1681168  |o 621.381 MAL 1979  |p 1681168  |r 2025-01-20  |w 2019-11-19  |y BK  |k EIE